| 000 | 006130000a22001810004500 | ||
|---|---|---|---|
| 003 | MACL | ||
| 005 | 20160522132123.0 | ||
| 008 | 160522b xxu||||| |||| 00| 0 eng d | ||
| 040 |
_aMACL _cMACL |
||
| 041 | _aHindi | ||
| 082 | _a891.433 | ||
| 100 |
_a डॉ राय, सतीश कुमार _958776 |
||
| 245 |
_aदिनकर की साहित्य साधना _cडॉ सतीश कुमार राय |
||
| 260 |
_aमुजफफरपुर _bकिताब पब्लिकेशन _c2008 |
||
| 350 | _a300 | ||
| 650 |
_aLiteracture _958777 |
||
| 942 |
_cHIN _k800/DIN _2ddc |
||
| 999 |
_c46239 _d46239 |
||